|
|
|
|
| LEADER |
01228nam a22002537a 4500 |
| 001 |
38829 |
| 003 |
BD-DhAAL |
| 008 |
220901t2022 bg a|||| |||| 00| 0 ben d |
| 999 |
|
|
|c 44893
|d 44893
|
| 020 |
|
|
|a 9789843525284
|
| 040 |
|
|
|a BD-DhAAL
|c BD-DhAAL
|
| 041 |
|
|
|a ben
|
| 082 |
|
|
|a 354.549200722
|
| 100 |
|
|
|a বারকাত, আবুল
|9 51211
|
| 245 |
|
|
|a বাংলাদেশ অর্থনীতি সমিতির বিকল্প বাজেট সম্ভাবনা
|n ২০২২-২৩ :
|b একটি জনগণতান্ত্রিক বাজেট /
|c আবুল বারকাত
|
| 260 |
|
|
|a ঢাকা :
|b বাংলাদেশ অর্থনীতি সমিতি,
|c ২০২২.
|
| 300 |
|
|
|a vii, ২৫০ পৃষ্ঠা :
|b চিত্র ;
|c ২৪ সে.মি.
|
| 541 |
|
|
|a Complimentary copy
|e 38829
|
| 650 |
|
|
|a Budget
|z Bangladesh.
|9 51212
|
| 650 |
|
|
|a Economics.
|9 51213
|
| 651 |
|
|
|a Bangladesh
|x Economic policy.
|9 51214
|
| 852 |
|
|
|a Ayesha Abed Library
|c General Stacks
|
| 942 |
|
|
|2 ddc
|c BK
|
| 952 |
|
|
|0 0
|1 0
|2 ddc
|4 0
|6 354_549200722000000_BAR
|7 0
|9 71767
|a BRACUL
|b BRACUL
|c GEN
|d 2022-09-01
|e Complimentary copy
|l 0
|o 354.549200722 BAR
|p 3010038829
|r 2022-09-01
|t 1
|w 2022-09-01
|y BK
|